Microeconomics/ (Record no. 167577)

MARC details
000 -LEADER
fixed length control field 00577nam a22001937a 4500
005 - DATE AND TIME OF LATEST TRANSACTION
control field 20190912153448.0
010 ## - LCCN (DPL NO)
LC control number ENG-126461
020 ## - INTERNATIONAL STANDARD BOOK NUMBER
Terms of availability 849.00
International Standard Book Number 978-93-530-6785-4
035 ## - SYSTEM CONTROL NUMBER
System control number EN-109993
037 ## - SOURCE OF ACQUISITION
Source of stock number/acquisition DBAD/PUB
082 ## - DEWEY DECIMAL CLASSIFICATION NUMBER
Classification number 339
100 ## - MAIN ENTRY--PERSONAL NAME
Personal name Perloff, Jeffery M.
245 ## - TITLE STATEMENT
Title Microeconomics/
Statement of responsibility, etc Jeffery M. Perloff
250 ## - EDITION STATEMENT
Edition statement Seventh Edition
260 ## - PUBLICATION, DISTRIBUTION, ETC. (IMPRINT)
Place of publication, distribution, etc U.P
Name of publisher, distributor, etc Pearson
Date of publication, distribution, etc 2019
270 ## - ADDRESS
City Noida
Address 15th Floor, Tower-B,World Trade Tower,Plot No. 1, Block-C, Sector 16,,
Postal code 201301
300 ## - PHYSICAL DESCRIPTION
Extent 800p.
Dimensions 25cm(pbk)
Other physical details ill
942 ## - ADDED ENTRY ELEMENTS (KOHA)
Source of classification or shelving scheme Dewey Decimal Classification
Item type English Books
Classification part 339
Call number suffix PER
Holdings
Withdrawn status Lost status Not for loan Collection code Home library Current library Date acquired Source of acquisition Cost, normal purchase price Full call number Barcode Copy number Cost, replacement price Koha item type
      Non-fiction D.B.Act.Division Mobile Library 12/09/2019 DBAD/PUB 849.00 339 PER EN-109993 1 849.00 English Books

© Delhi Public Library
Hit Counter
free hit counter